00455nam a22001697a 450000500170000000800410001704000070005804100120006508200210007710000250009824500360012326000400015930000310019944000130023065000080024365000340025120241218154640.0241218b ||||| |||| 00| 0 eng d cAL aEnglish 223a348.04bEASS aEastern Book Company aSupreme Court Cases 2009: Vol 7 aLucknowbEastern Book Companyc2016 axxix,871 p.bHBc24x16 cm. aVolume 7 aLaw aMode of Citation (2009) 7 SCC